La reina estrangulada

Furkejuvvon:
Bibliográfalaš dieđut
Váldodahkki: Druon, Maurice (Dahkki)
Materiálatiipa: Girji
Giella:espánnjágiella
Almmustuhtton: Buenos Aires Javier Vergara 1981
Ráidu:Los Reyes Malditos, 2
Fáttát:
Fáddágilkorat: Lasit fáddágilkoriid
Eai fáddágilkorat, Lasit vuosttaš fáddágilkora!

MARC

LEADER 00000cam a2200000 a 4500
001 UCS2344
003 CL-VaPUC
008 970523e19810000AG |||||||||||||||||spa|d
020 |a 9501516350 
082 0 4 |a 843  |b DRU  |2 21 
100 0 |a Druon, Maurice  |e author  |9 387685 
245 1 3 |a La reina estrangulada 
300 |a 281 p 
942 |c BK 
945 |d 19970523 00:00:00  |a amoreno 
260 |a Buenos Aires  |b Javier Vergara  |c 1981 
650 0 |a Novelas históricas   |9 342315 
650 0 |a Novela francesa  |9 264985 
650 0 |a Literatura francesa  |9 266330 
583 |a last modification  |c 20130715 06:14:04  |k Rodrigo Vera 
490 0 |a Los Reyes Malditos, 2 
999 |c 260314  |d 260312 
952 |0 0  |1 0  |4 0  |6 843_000000000000000_DRU_1981  |7 0  |8 A  |9 286310  |a BIBHIS  |b BIBHIS  |d 2019-11-19  |i 330826K  |o 843 DRU 1981  |p 330826K  |r 2025-01-20  |w 2019-11-19  |y BK  |k HIS